Statistics for FIFA 22 TOTW 11

Click here to take the quiz!

General Stats

  • This quiz has been taken 11 times
  • The average score is 8 of 24

Answer Stats

ClubPositionRatingAnswer% Correct
LiverpoolCB90Virgil Van Dijk
100%
Atletico MadridST86Antoine Griezmann
90%
LyonGK84Anthony Lopes
80%
BarcelonaCM88Frenkie De Jong
80%
ArsenalRM85Bukayo Saka
70%
LeicesterCAM84James Maddison
70%
SassuoloRW84Domenico Berardi
60%
Man CityCM86Ilkay Gundogan
60%
EspanyolGK81Diego Lopez
40%
Real BetisLM81Juanmi
30%
MetzRWB81Fabien Centonze
20%
RennesST85Gaetan Laborde
20%
FC KolnLB82Jonas Hector
20%
Bayer LeverkusenRM84Moussa Diaby
20%
AtalantaCB83Rafael Toloi
20%
LeonRM82Angel Mena
10%
Shakhtar DonetskRB74Dodo
10%
HoffenheimRW81Ihlas Bebou
10%
Lillestrom SKST76Thomas Lehne Olsen
10%
PumasRB80Alan Mozo
0%
Al ShababLM75Hattan Bahebri
0%
Pogon SzczecinLM78Kamil Grosicki
0%
Rosario CentralST80Marco Ruben
0%
SivassporLW81Max-Alain Gradel
0%

Score Distribution

Percentile by Number Answered

Percent of People with Each Score

Your Score History

You have not taken this quiz